Landmark to State (US) #2 - Statistics

General Stats
  • This quiz has been taken 16 times
  • The average score is 43 of 50
Answer Stats
Landmark State % Correct
12) Montezuma Castle Monument Arizona
100%
4) Lake Okeechobee Florida
100%
47) Wrigley Field Illinois
100%
29) Indianapolis Motor Speedway Indiana
100%
2) Ozarks Amphitheater Missouri
100%
25) Space Needle Washington
100%
17) Smithsonian National Museums Washington DC
100%
49) Dover Motor Speedway Delaware
93%
22) Augusta National Golf Club Georgia
93%
18) Pearl Harbor National Memorial Hawaii
93%
44) Portland Head Light Maine
93%
45) Oriole Park/Camden Yards Maryland
93%
1) Glacier National Park Montana
93%
50) Atlantic City Boardwalk New Jersey
93%
21) Cape Hatteras Point Lighthouse North Carolina
93%
36) National Football Hall of Fame Ohio
93%
41) Fort Sumter South Carolina
93%
16) Badlands National Park South Dakota
93%
35) Appomattox Court House Virginia
93%
40) Harpers Ferry Park/Battlefield West Virginia
93%
19) Mendenhall Glacier Alaska
87%
46) Hot Springs National Park Arkansas
87%
7) Mt Shasta California
87%
11) Vail Mountain Resort Colorado
87%
10) Churchill Downs Kentucky
87%
37) Faneuil Hall Massachusetts
87%
3) Comerica Park Michigan
87%
13) MGM Grand Casino Nevada
87%
14) Salinas Pueblo Missions Monument New Mexico
87%
42) Theodore Roosevelt National Park North Dakota
87%
6) Crater Lake Oregon
87%
39) The Breakers Museum Rhode Island
87%
15) Palo Duro Canyon State Park Texas
87%
5) Uinta National Forest Utah
87%
43) Killington Peak Vermont
87%
30) Talladega Superspeedway Alabama
80%
27) Craters of the Moon National Reserve Idaho
80%
31) Vicksburg Battlefield Monument Mississippi
80%
8) Finger Lakes New York
80%
32) Grand Ole Opry Tennessee
80%
20) Chequamegon-Nicolet Forest Wisconsin
80%
38) Mystic Seaport Connecticut
73%
26) Split Rock Lighthouse Minnesota
73%
24) Lake Winnipesaukee New Hampshire
73%
48) Devils Tower National Monument Wyoming
73%
23) St Louis Cathedral Louisiana
67%
33) Centennial Land Run Monument Oklahoma
67%
9) Centralia ghost town Pennsylvania
67%
34) Villisca Axe Murder House Iowa
60%
28) Scottsbluff National Monument Nebraska
60%
No matching quizzes found
Score Distribution
Percent of People with Each Score
Percentile by Number Answered
Your Score History
You have not taken this quiz